000 00865nam a2200265 a 4500
003 BLK
005 20250407134939.0
007 ta
008 221104b bu |||||r|||| 00| | bu d
020 _a9786197636895
040 _aBLK
041 _aBUL
_cBUL
080 _9227592
_aБългарска литература
_b821.163.2
_x-32
_z821.163.2-32
084 _aС 43
100 _9402292
_aСлавова, Теодора Божидарова
245 _aСиндромът на черната котка в 13 разказа
_cТеодора Славова
260 _9218323
_aСофия
_bПотайниче
_c2023
300 _a124 с.
_c20 см
380 _aX
500 _aЗагл. на кор.: Синдромът на черната котка
852 _aЦб 326954
_bЦб
856 _i0.00
_ldisable
942 _cKNG
_n0
944 _c1
_k30550
_lКети Илиева
999 _c502788
_d502788